000 00876nam a2200205 u 4500
001 000264493
003 AM-YeHGA
005 20250618071750.0
008 030922s1989 ai r 000 0 arm d
020 _a5550000512
040 _aAM-YeHGA
100 1 _aՊետրոսյան, Ալվարդ Բարդուղի,
_d1946-
_91389
245 1 0 _aԱպրելու օրենքը :
_bՎիպակներ, պատմվածքներ, պիեսներ /
_cԱ. Պետրոսյան; Խմբ.՝ Դ. Սարգսյան.
260 _aԵրևան :
_bԽորհրդային գրող,
_c1989.
300 _a384 էջ :
_bնկ. ;
_c22 սմ.
650 1 4 _aՀայ գրականություն
_xԱրձակ
650 1 4 _aՀայ գրականություն
_xԹատերգություն
700 1 _aՍարգսյան, Դավիթ Մկրտչի,
_g(Դավիթ Մկր-Սարգսյան),
_d1957-
_eխմբ.
_4edt
_93377
090 _c97302
999 _c95998
_d95998